[Event "20th Iraklio Open 2017"]
[Site "Athens"]
[Date "2017.06.19"]
[Round "3"]
[White "Lagos, Hristos"]
[Black "Korniotis, Filippos"]
[Result "0-1"]
[WhiteElo "1847"]
[BlackElo "2143"]
[Annotator "TA"]
[PlyCount "63"]
[EventDate "2017.??.??"]
[EventType "swiss"]
[EventCountry "GRE"]
[SourceTitle "playchess.com"]
[Source "ChessBase"]
[SourceQuality "1"]

{[%evp 18,63,43,46,71,52,52,51,58,24,12,0,0,0,0,0,18,0,8,0,0,0,85,62,130,20,165,123,127,-140,0,0,0,-351,-350,-337,-341,-346,-337,-325,-314,-380,-379,-360,-350,-677,-177,-239]} 1. e4 e6 2. d4 d5 3. Nd2 Nf6 4. e5 Nfd7 5. Bd3 c5 6. c3 Nc6 7. Ngf3 Qb6 8. O-O cxd4 9. cxd4 Be7 10. Nb3 {LiveBook: 30 Games} f6 {C06: French Tarrasch: 3...Nf6 4 e5 Nfd7 5 Bd3 main lines} (10... a5 11. a4 Nb4 12. Bb5 O-O 13. Bg5 Qd8 14. Bxe7 Qxe7 15. Rc1 Nb6 16. Nc5 Rb8 17. Qe2 Rd8 18. b3 Nd7 19. Nd3 Nf8 20. Qd2 Nxd3 21. Bxd3 b6 22. Rc3 Bb7 23. Rfc1 Rdc8 24. Rxc8 Rxc8 {½-½ (24) Naroditsky,D (2486)-Rozentalis,E (2600) Montreal 2012}) 11. Re1 O-O 12. exf6 Nxf6 {White is slightly better.} 13. Ne5 Nxe5 14. dxe5 Ng4 $1 15. Be3 $1 {[%cal Re3b6]} Nxe3 16. Rxe3 Bg5 $146 {And now ...Rxf2! would win.} ({Predecessor:} 16... Rf7 17. Qh5 g6 18. Bxg6 hxg6 19. Qxg6+ Rg7 20. Qe8+ Bf8 21. Rc1 d4 22. Rf3 Qb4 23. Nc5 Qd2 24. Rxf8+ {1-0 (24) Vega Jimenez,K (1664)-Kurochkina,E (1797) Tromsoe 2014}) 17. Qh5 Bh6 $1 $132 {[%mdl 2048] Threatens to win with ...Rxf2! Black is not keeping still} 18. Rf1 {aiming for g4.} Bd7 19. Rh3 Qb4 (19... Rf4 $11 {keeps the balance.}) 20. Qe2 Rf4 {[#]} (20... Qb6 $14) 21. Qc2 ({Better is} 21. g3 $1 $16 {[%cal Rg3f4]} Rff8 22. Rh4) 21... Raf8 (21... Rc8 $1 $11 {and Black is okay.} 22. Bxh7+ Kh8) 22. Bxh7+ Kh8 23. f3 $2 {[%mdl 8192]} (23. Bd3 $16 {stays on course.}) 23... Qb6+ (23... Rh4 $17 24. Rxh4 Qxh4) 24. Kh1 $11 Qe3 25. Rh5 $2 {[%mdl 8192] [#]} (25. Qb1 $11 {and White has nothing to worry.}) 25... Bb5 $1 $19 {[%cal Rb5f1]} 26. Rg1 {[#]} Rxf3 $1 {[%mdl 512]} 27. gxf3 Qxf3+ 28. Qg2 Qxh5 29. Nd4 Kxh7 30. Nxb5 Qxe5 31. Nxa7 $2 (31. Nc3) 31... Qe4 $2 (31... Be3 32. Re1 d4) 32. Nb5 {Precision: White = 35%, Black = 40%.} (32. Qxe4+ $142 dxe4 33. Nb5) 0-1

[Event "20th Iraklio Open 2017"]
[Site "Athens"]
[Date "2017.06.20"]
[Round "4.1"]
[White "Nikolaidis, Ioannis"]
[Black "Georgiev, Krum"]
[Result "1/2-1/2"]
[WhiteElo "2561"]
[BlackElo "2357"]
[Annotator "TA"]
[PlyCount "50"]
[EventDate "2017.??.??"]
[EventType "swiss"]
[EventCountry "GRE"]
[SourceTitle "playchess.com"]
[Source "ChessBase"]
[SourceQuality "1"]

{[%evp 13,50,26,29,26,31,18,26,29,50,8,14,11,28,8,8,16,18,18,22,29,30,8,8,8,13,0,0,0,8,8,8,0,0,0,8,0,0,0,52]} 1. d4 Nf6 2. c4 g6 3. Nc3 Bg7 4. e4 d6 5. Nge2 Nbd7 6. Ng3 e5 7. d5 {E70: King's Indian: Miscellaneous lines with 4 e4, including 5 Nge2 and 5 Bd3 0-0 6 Nge2} a5 {LiveBook: 6 Games} (7... h5 8. Bg5 h4 9. Nge2 Nc5 10. f3 a5 11. Qd2 Bd7 12. Nc1 Qe7 13. Nd3 Nxd3+ 14. Bxd3 h3 {1-0 (46) Bologan,V (2640)-Saric,I (2652) Tallinn 2016}) 8. Bd3 Nc5 9. Bc2 {White is slightly better.} O-O 10. O-O c6 11. f3 cxd5 $146 ({Predecessor:} 11... b5 12. cxb5 cxb5 13. Be3 Ba6 14. Rf2 Nfd7 15. a3 a4 {½-½ (44) Martinez Martinez,A-Flores Ramos,J ICCF 2005}) 12. exd5 Ne8 13. Nge2 Qh4 14. b3 Bd7 15. Be3 Rc8 16. Qd2 Qd8 17. a3 f5 {The position is equal.} 18. Rab1 Na6 19. Bd3 Nc5 20. Bc2 $36 {[%mdl 2048] White has good play.} Na6 21. Rfc1 Rf7 22. Bd3 Nc5 23. Bc2 Na6 24. Bd3 Nc5 25. Bc2 Bf8 {Precision: White = 49%, Black = 86%.} ({Black should play} 25... Na6 $11) 1/2-1/2

[Event "20th Iraklio Open 2017"]
[Site "Athens"]
[Date "2017.06.20"]
[Round "4.2"]
[White "Loutragotis, Dimitrios"]
[Black "Sonis, Francesco"]
[Result "1/2-1/2"]
[WhiteElo "2143"]
[BlackElo "2450"]
[Annotator "TA"]
[PlyCount "74"]
[EventDate "2017.??.??"]
[EventType "swiss"]
[EventCountry "GRE"]
[SourceTitle "playchess.com"]
[Source "ChessBase"]
[SourceQuality "1"]

{[%evp 22,74,28,10,29,16,20,20,37,28,89,89,95,95,101,97,119,66,106,65,126,56,112,108,108,97,115,-75,-84,-83,-112,-94,0,0,46,70,56,36,70,61,62,55,61,0,0,0,0,0,0,0,0,0,0,0,0]} 1. e4 c5 2. Nf3 d6 3. d4 cxd4 4. Nxd4 Nf6 5. Nc3 a6 6. h3 e6 7. g4 Be7 {B81: Sicilian Scheveningen: Keres Attack} 8. g5 Nfd7 9. h4 b5 10. a3 Bb7 11. Bg2 Nc6 {[%cal Bb8c6,Bc6e5,Be5c4][%mdl 32]} 12. Be3 {LiveBook: 3 Games} Nce5 13. f4 Nc4 14. Bc1 $1 {[#]} Qa5 $146 ({Predecessor:} 14... Rc8 15. Nce2 {1-0 (41) Duda,J (2666)-Kulaots,K (2566) Gjakova 2016}) 15. Rh3 Qc7 (15... Rc8 $11 {remains equal.}) 16. b3 $16 Ncb6 17. Bb2 d5 {[#]} 18. e5 $1 Nc5 19. h5 (19. Qe2 $16) 19... Qd7 20. Bf1 {[%cal Rc3b5]} Bc6 (20... h6 $14) 21. Nce2 ({White should play} 21. Qd2 $16) 21... Ne4 (21... Bb7 $1 $14) 22. Nxc6 Qxc6 23. Nd4 Qc7 24. g6 $2 (24. Qg4 $16 {stays on course.}) 24... hxg6 $17 25. hxg6 Bh4+ 26. Ke2 {Black should prevent Bg2.} O-O-O (26... fxg6 $17 {aiming for ...Qf7.} 27. Qd3 Qf7) 27. a4 $36 {[%mdl 2048] White is more active.} Nf2 28. Qd2 {Black must now prevent gxf7.} Nxh3 29. Bxh3 {[#] Threatens to win with gxf7.} Bf2 $1 {[%cal Rf2d4][%mdl 512]} 30. Kxf2 ({Not} 30. Nxe6 $2 fxe6 31. Rh1 Bc5 $19) 30... Rxh3 31. Qa5 Rh2+ $1 32. Kg3 (32. Kf3 $1 $14 Rdh8 33. gxf7 R8h3+ 34. Kg4 Rh4+ 35. Kf3 R4h3+ 36. Kg4 Rh4+ 37. Kf3 R4h3+) 32... Rdh8 {The position is equal.} 33. Qxa6+ Kb8 34. gxf7 R8h3+ 35. Kg4 Rh4+ 36. Kg3 $1 R4h3+ 37. Kg4 Rh4+ {Precision: White = 56%, Black = 37%.} 1/2-1/2

[Event "20th Iraklio Open 2017"]
[Site "Athens"]
[Date "2017.06.20"]
[Round "4.3"]
[White "Katopodis, Dimitrios"]
[Black "Rigopoulos-Tsigkos, Alexandros"]
[Result "1/2-1/2"]
[WhiteElo "2169"]
[BlackElo "2111"]
[Annotator "TA"]
[PlyCount "78"]
[EventDate "2017.??.??"]
[EventType "swiss"]
[EventCountry "GRE"]
[SourceTitle "playchess.com"]
[Source "ChessBase"]
[SourceQuality "1"]

{[%evp 15,78,9,1,-4,12,-22,28,0,8,0,2,0,0,0,0,0,14,0,0,-38,-35,-34,-35,-45,-49,-22,-18,-39,-22,-68,-49,-43,-49,-74,-75,-75,-64,-69,0,-75,0,-80,-82,-68,-53,-66,-26,-58,-47,-46,0,0,0,0,10,10,14,0,18,0,0,-13,10,14,1050]} 1. d4 d5 2. Nf3 Nc6 3. c4 Bg4 4. cxd5 Bxf3 5. dxc6 Bxc6 6. Nc3 e6 7. e4 Bb4 8. f3 f5 9. exf5 {D07: Queen's Gambit: Chigorin Defence} exf5 10. Bc4 (10. a3 $5 {[%cal Ra3b4]} Bd6 11. Qe2+ Ne7 12. Qc4 $14) 10... Qd6 $146 ({Predecessor:} 10... Qh4+ 11. g3 Qe7+ 12. Kf2 O-O-O 13. Re1 Qf8 14. Be3 f4 15. Bxf4 Rxd4 16. Qe2 Nf6 {0-1 (24) Bergstrom,C (2351)-Olsson,L (2471) Sweden 2007}) 11. O-O {White has an edge.} (11. a3 {keeps more tension.} Ba5 12. Qe2+ Ne7 13. O-O O-O-O 14. Bg5) 11... O-O-O 12. Be3 Nf6 13. Qd3 g6 14. Rfd1 Rhe8 15. Bf2 Nd5 16. Nxd5 Bxd5 17. Rac1 Ba5 18. a3 Bxc4 19. Rxc4 Bb6 20. b4 Kb8 21. a4 {[#] aiming for a5.} a6 22. Rb1 Qd5 (22... Re5 $5) 23. Qc2 Rd7 24. h3 g5 25. Rc1 Ree7 26. Qb3 Re8 27. Qc2 $1 Ree7 {[%cal Be8e7,Be7d7,Bd7d2][%mdl 32]} 28. Qb3 $1 {White wants to play a5.} Rd8 29. Qc2 {With the idea a5.} Rc8 30. Qb3 Rd7 31. Qe3 f4 32. Qe5 Qxe5 (32... Qg8 {feels hotter.} 33. a5 Rd5 34. Qe2 Ba7 35. Re1 Rcd8) 33. dxe5 {The position is equal.} Bxf2+ 34. Kxf2 $15 {[%mdl 4096] Endgame KRR-KRR} Re8 35. Re4 Rd2+ 36. Kf1 Re6 37. Rce1 (37. h4 $5 {[%cal Rh4g5]}) 37... Ra2 38. a5 Rd2 (38... c5 $5) 39. R1e2 Rd4 $2 {[%mdl 40960] Precision: White = 49%, Black = 70%. . An unexpected result.} (39... Rd1+ $11 40. Kf2 Rd5) 1/2-1/2

[Event "20th Iraklio Open 2017"]
[Site "Athens"]
[Date "2017.06.20"]
[Round "4.4"]
[White "Korniotis, Filippos"]
[Black "Kotrotsos, Vasilios"]
[Result "1-0"]
[WhiteElo "2143"]
[BlackElo "2269"]
[Annotator "ChessBase"]
[PlyCount "97"]
[EventDate "2017.??.??"]
[EventType "swiss"]
[EventCountry "GRE"]
[SourceTitle "playchess.com"]
[Source "ChessBase"]
[SourceQuality "1"]
[TimeControl "40/5400+30:1800+30"]

1. d4 {[%emt 0:02:30]} g6 {[%emt 0:01:00]} 2. e4 {[%emt 0:01:30]} Bg7 {[%emt 0:00:00]} 3. Nc3 {[%emt 0:00:30]} d6 {[%emt 0:00:00]} 4. Be3 {[%emt 0:00:30]} a6 {[%emt 0:00:00]} 5. h4 {[%emt 0:00:30]} h5 {[%emt 0:00:00]} 6. Qd2 {[%emt 0:00:30]} b5 {[%emt 0:00:30]} 7. Nh3 {[%emt 0:00:30]} Nd7 {[%emt 0:00:30]} 8. Be2 {[%emt 0:02:30]} Bb7 {[%emt 0:02:30]} 9. f3 {[%emt 0:02:30]} c5 {[%emt 0:06:30]} 10. a4 {[%emt 0:02:30]} b4 {[%emt 0:01:30]} 11. Na2 {[%emt 0:00:30]} Qa5 {[%emt 0:02:30]} 12. Nc1 {[%emt 0:03:30]} Ngf6 {[%emt 0:05:30]} 13. O-O {[%emt 0:03:30]} cxd4 {[%emt 0:06:30]} 14. Bxd4 {[%emt 0:00:30]} e5 {[%emt 0:02:30]} 15. Be3 {[%emt 0:05:30]} d5 {[%emt 0:00:30]} 16. Nb3 {[%emt 0:25:30]} Qc7 {[%emt 0:00:30]} 17. Qxb4 {[%emt 0:01:30]} a5 {[%emt 0:01:30]} 18. Qa3 {[%emt 0:00:30]} Bf8 {[%emt 0:09:30]} 19. Qa2 {[%emt 0:00:00]} Bd6 {[%emt 0:00:30]} 20. Ng5 {[%emt 0:07:00]} O-O {[%emt 0:00:30]} 21. Bd3 {[%emt 0:06:30]} dxe4 {[%emt 0:10:30]} 22. fxe4 {[%emt 0:00:30]} Ng4 {[%emt 0:00:30]} 23. Rxf7 {[%emt 0:08:30]} Rxf7 {[%emt 0:01:30]} 24. Nd4 {[%emt 0:02:30]} Raf8 {[%emt 0:14:30]} 25. Nde6 {[%emt 0:01:30]} Nxe3 {[%emt 0:10:30]} 26. Nxc7 {[%emt 0:00:30]} Bxc7 {[%emt 0:00:00]} 27. Nxf7 {[%emt 0:07:35]} Rxf7 {[%emt 0:00:00]} 28. b4 {[%emt 0:04:26]} Bb6 {[%emt 0:06:58]} 29. bxa5 {[%emt 0:00:30]} Bc5 {[%emt 0:02:47]} 30. Kh1 {[%emt 0:03:20]} Nf6 {[%emt 0:04:08]} 31. Qe6 {[%emt 0:02:02]} Nxe4 {[%emt 0:08:54]} 32. Qxg6+ {[%emt 0:03:04]} Rg7 {[%emt 0:00:05]} 33. Qe6+ {[%emt 0:01:46]} Kf8 {[%emt 0:03:01]} 34. Bxe4 {[%emt 0:00:08]} Bxe4 {[%emt 0:00:00]} 35. Qc8+ {[%emt 0:00:15]} Kf7 {[%emt 0:00:00]} 36. Qxc5 {[%emt 0:00:36]} Rxg2 {[%emt 0:00:38]} 37. Qxe3 {[%emt 0:01:04]} Re2+ {[%emt 0:00:05]} 38. Qxe4 {[%emt 0:00:01]} Rxe4 {[%emt 0:00:01]} 39. a6 {[%emt 0:00:29]} Rxh4+ {[%emt 0:00:08]} 40. Kg2 {[%emt 0:00:01]} Rc4 {[%emt 0:30:11]} 41. Ra2 {[%emt 0:31:17]} Rc6 {[%emt 0:00:13]} 42. Kf3 {[%emt 0:00:06]} Rxa6 {[%emt 0:00:28]} 43. a5 {[%emt 0:00:04]} Ke6 {[%emt 0:00:31]} 44. Ke4 {[%emt 0:00:03]} h4 {[%emt 0:00:14]} 45. c4 {[%emt 0:00:14]} h3 {[%emt 0:00:44]} 46. c5 {[%emt 0:00:26]} h2 {[%emt 0:03:00]} 47. Rxh2 {[%emt 0:00:07]} Rxa5 {[%emt 0:00:04]} 48. Rh6+ {[%emt 0:00:01]} Kd7 {[%emt 0:00:08]} 49. Kd5 {[%emt 0:04:27]} 1-0

[Event "20th Iraklio Open 2017"]
[Site "Athens"]
[Date "2017.06.20"]
[Round "4.5"]
[White "Spyropoulos, Nikolaos"]
[Black "Koutourinis, Apostolos"]
[Result "1/2-1/2"]
[WhiteElo "2229"]
[BlackElo "2041"]
[Annotator "TA"]
[PlyCount "30"]
[EventDate "2017.??.??"]
[EventType "swiss"]
[EventCountry "GRE"]
[SourceTitle "playchess.com"]
[Source "ChessBase"]
[SourceQuality "1"]

{[%evp 11,30,29,44,35,38,36,59,23,47,50,63,33,51,0,10,7,30,7,46,10,29]} 1. d4 Nf6 2. c4 g6 3. Nc3 Bg7 4. e4 d6 5. h3 O-O 6. Be3 Na6 7. Nge2 {E71: King's Indian: 4 e4 d6 5 h3} (7. Bd3 c6 8. Nf3 e5 9. d5 Nh5 10. g3 cxd5 11. cxd5 Nc5 12. Be2 f5 13. exf5 gxf5 14. Ng5 Nf6 15. Bxc5 dxc5 {0-1 (36) Salem,A (2656)-Banikas,H (2568) Doha 2016}) 7... c5 8. d5 Qa5 $146 {With the idea ...Nxe4.} ({Predecessor:} 8... e6 9. Ng3 h5 10. Be2 exd5 11. exd5 Qb6 12. Qd2 h4 13. Nge4 Nxe4 14. Nxe4 Qxb2 15. Qxb2 Bxb2 {½-½ (47) Raicevic,V (2480)-Lentze,I (2270) Cattolica 1989}) 9. Qd2 {White is slightly better.} e6 10. Ng3 exd5 11. exd5 Re8 12. Bd3 Nb4 13. O-O Nxd3 14. Qxd3 Bd7 15. a3 Rac8 {Precision: White = 44%, Black = 22%.} 1/2-1/2

[Event "20th Iraklio Open 2017"]
[Site "Athens"]
[Date "2017.06.20"]
[Round "4.7"]
[White "Margaritis, Fotios"]
[Black "Galanos, Dimitrios"]
[Result "0-1"]
[WhiteElo "2179"]
[BlackElo "1996"]
[Annotator "ChessBase"]
[PlyCount "53"]
[EventDate "2017.??.??"]
[EventType "swiss"]
[EventCountry "GRE"]
[SourceTitle "playchess.com"]
[Source "ChessBase"]
[SourceQuality "1"]
[TimeControl "40/5400+30:1800+30"]

1. e4 {[%emt 0:16:30]} c5 {[%emt 0:09:00]} 2. Nf3 {[%emt 0:01:30]} g6 {[%emt 0:03:30]} 3. c3 {[%emt 0:03:30]} Bg7 {[%emt 0:00:30]} 4. d4 {[%emt 0:00:30]} cxd4 {[%emt 0:00:30]} 5. cxd4 {[%emt 0:00:00]} d5 {[%emt 0:00:00]} 6. e5 {[%emt 0:00:00]} Nh6 {[%emt 0:00:00]} 7. h3 {[%emt 0:00:30]} Nc6 {[%emt 0:00:30]} 8. Nc3 {[%emt 0:00:30]} O-O {[%emt 0:01:30]} 9. Qb3 {[%emt 0:04:30]} Nf5 {[%emt 0:00:30]} 10. Be3 {[%emt 0:02:30]} Be6 {[%emt 0:09:30]} 11. Qxb7 {[%emt 0:12:30]} Bd7 {[%emt 0:01:30]} 12. Qb3 {[%emt 0:08:30]} Rb8 {[%emt 0:01:30]} 13. Qa3 {[%emt 0:09:30]} Nb4 {[%emt 0:04:30]} 14. Rc1 {[%emt 0:00:30]} Nxe3 {[%emt 0:02:30]} 15. fxe3 {[%emt 0:03:30]} Bh6 {[%emt 0:00:30]} 16. Kf2 {[%emt 0:07:30]} a5 {[%emt 0:00:30]} 17. Be2 {[%emt 0:08:32]} f6 {[%emt 0:04:30]} 18. exf6 {[%emt 0:00:52]} Rxf6 {[%emt 0:05:30]} 19. Rhe1 {[%emt 0:01:43]} Bf5 {[%emt 0:00:30]} 20. Qa4 {[%emt 0:00:57]} Qd6 {[%emt 0:08:30]} 21. Qxa5 {[%emt 0:06:59]} Qe6 {[%emt 0:19:30]} 22. Bf1 {[%emt 0:03:06]} Be4 {[%emt 0:12:20]} 23. Nxe4 {[%emt 0:03:04]} Qxe4 {[%emt 0:00:06]} 24. a3 {[%emt 0:01:13]} Rbf8 {[%emt 0:03:38]} 25. Kg1 {[%emt 0:03:25]} Bxe3+ {[%emt 0:01:04]} 26. Kh1 {[%emt 0:00:20]} Rxf3 {[%emt 0:00:34]} 27. Ra1 0-1

[Event "20th Iraklio Open 2017"]
[Site "Athens"]
[Date "2017.06.20"]
[Round "4.8"]
[White "Ergazakis, Ioannis"]
[Black "Nemtsas, Hristoforos"]
[Result "1-0"]
[WhiteElo "2150"]
[BlackElo "1931"]
[Annotator "ChessBase"]
[PlyCount "43"]
[EventDate "2017.??.??"]
[EventType "swiss"]
[EventCountry "GRE"]
[SourceTitle "playchess.com"]
[Source "ChessBase"]
[SourceQuality "1"]
[TimeControl "40/5400+30:1800+30"]

1. e4 {[%emt 0:00:30]} c5 {[%emt 0:01:00]} 2. Nf3 {[%emt 0:00:00]} d6 {[%emt 0:00:00]} 3. d4 {[%emt 0:00:00]} Nf6 {[%emt 0:00:00]} 4. Nc3 {[%emt 0:00:00]} cxd4 {[%emt 0:00:00]} 5. Nxd4 {[%emt 0:00:00]} a6 {[%emt 0:00:00]} 6. Be2 {[%emt 0:00:30]} e5 {[%emt 0:00:00]} 7. Nb3 {[%emt 0:00:30]} Be7 {[%emt 0:00:00]} 8. Be3 {[%emt 0:00:00]} Be6 {[%emt 0:00:30]} 9. O-O {[%emt 0:00:00]} O-O {[%emt 0:01:30]} 10. Qd3 {[%emt 0:01:30]} Nbd7 {[%emt 0:01:30]} 11. Nd5 {[%emt 0:00:30]} Bxd5 {[%emt 0:00:00]} 12. exd5 {[%emt 0:00:30]} Nc5 {[%emt 0:00:00]} 13. Nxc5 {[%emt 0:00:00]} dxc5 {[%emt 0:00:30]} 14. Bf3 {[%emt 0:07:00]} Qd7 {[%emt 0:07:30]} 15. c4 {[%emt 0:21:30]} Rae8 {[%emt 0:06:30]} 16. Rfe1 {[%emt 0:04:30]} Bd6 {[%emt 0:05:30]} 17. Qd2 {[%emt 0:11:30]} e4 {[%emt 0:13:30]} 18. Be2 {[%emt 0:05:30]} Qf5 {[%emt 0:12:30]} 19. Rad1 {[%emt 0:06:30]} Ng4 {[%emt 0:17:30]} 20. b4 {[%emt 0:03:30]} b6 {[%emt 0:12:30]} 21. bxc5 {[%emt 0:02:30]} bxc5 {[%emt 0:00:00]} 22. Qa5 1-0

[Event "20th Iraklio Open 2017"]
[Site "Athens"]
[Date "2017.06.20"]
[Round "4.9"]
[White "Sienczewski, Zbigniew"]
[Black "Kordis, Konstantinos"]
[Result "1/2-1/2"]
[WhiteElo "1911"]
[BlackElo "2149"]
[Annotator "TA"]
[PlyCount "186"]
[EventDate "2017.??.??"]
[EventType "swiss"]
[EventCountry "GRE"]
[SourceTitle "playchess.com"]
[Source "ChessBase"]
[SourceQuality "1"]

{[%evp 20,186,20,31,29,32,50,29,72,14,122,11,96,10,44,28,35,16,19,18,27,18,17,16,27,18,29,26,51,69,71,66,76,73,52,10,0,0,10,0,47,0,0,0,11,0,0,0,0,0,0,0,0,0,0,0,-8,-8,0,0,0,0,0,-134,-134,-134,-134,-134,-134,-134,-134,-134,-124,-124,-124,-124,-79,-79,-79,-79,-79,-79,-28,-28,0,-77,-77,-79,-79,-79,-71,-90,-71,-71,-71,-71,-8,-8,-8,-20,-8,-8,-8,-91,-8,-8,-8,-91,-8,-8,-8,-8,-8,-8,0,-8,-8,-8,0,-8,-8,-8,-8,-8,-8,-8,-8,-8,-8,-8,-8,-8,-8,-8,-8,-8,-8,-8,-8,-8,-8,-8,-8,-9,-8,-8,-8,-8,-8,-8,-8,-8,-8,-8,0,-9,0,-9,-9,-9,-9,-9,-9,-10,-9,-9,-10,-45,-56]} 1. Nf3 d6 2. d4 Nf6 3. g3 g6 4. Bg2 Bg7 5. O-O O-O 6. c4 c6 7. Nc3 Qa5 8. e4 e5 9. dxe5 dxe5 10. Qc2 {E62: King's Indian: Fianchetto: 6...c6 and Panno Variation (6...Nc6) without ...a6} (10. h3 Nbd7 11. a3 Qc7 12. Qc2 Nc5 13. b4 Ne6 14. Be3 b6 15. Rfd1 Bb7 16. Rac1 Rad8 17. Qb3 Nh5 {1-0 (62) Kazakovskiy,V (2430)-Kulaots,K (2556) Tallinn 2016}) 10... Be6 11. b3 {LiveBook: 3 Games} h6 12. Bb2 {White has an edge.} Na6 $146 ({Predecessor:} 12... Nbd7 13. Rad1 Rfd8 14. Rd2 Nh5 15. Rfd1 Qc7 16. Ba3 {½-½ (58) Havaskori,L (1899)-Faber,H (2091) Budapest 2016}) 13. a3 Qc7 14. Rad1 (14. Nxe5 $16 Nc5 15. b4) 14... Rfd8 (14... Nh7 $11 {remains equal.}) 15. h3 ({Better is} 15. Nxe5 $1 $16 Nc5 16. b4) 15... Rab8 (15... Nh7 $11) 16. Rfe1 ({White should try} 16. Nxe5 $1 $16 {White wants to play Ne2.} Ne8 17. f4) 16... Rxd1 (16... Ne8 {keeps more tension.} 17. Bf1 Nd6 18. Nb1 Nc5 19. b4 Nd7) 17. Rxd1 Nd7 18. Rd2 Nf8 19. Bf1 Rd8 20. b4 Rxd2 21. Qxd2 Qc8 22. h4 Nc7 23. Nd1 Nd7 24. Ne3 Ne8 25. c5 b6 26. cxb6 axb6 27. Bc4 Bxc4 $1 28. Nxc4 {[%cal Rf3e5]} Qc7 29. Qc3 {[%cal Rc4e5]} Nd6 (29... b5 $5 {[%cal Rb5c4]} 30. Ncxe5 Qd6 $14) 30. Qd3 Nxc4 31. Qxc4 Qd6 32. Kg2 b5 33. Qc2 c5 34. bxc5 Nxc5 35. Bc3 Nd3 36. Qb3 Qc6 (36... Qd7 $5 {[%cal Rd3f4]}) 37. Bd2 $1 Qxe4 38. Qxb5 Qe2 (38... Kh7 $5 {[%cal Re4e2]} 39. Qd7 Qe2 $15) 39. Qe8+ Kh7 $1 40. Be3 Qa2 41. a4 (41. Qd7 $11 {keeps the balance.} e4 42. Nd2) 41... Qd5 $36 {[%mdl 2048] White is under strong pressure.} 42. Qb5 Ne1+ $1 43. Kf1 Qxb5+ ({Don't play} 43... Qxf3 $6 44. Kxe1 f5 45. Qc4 $11) 44. axb5 Nxf3 45. b6 Bf8 46. b7 Bd6 47. Ba7 f5 48. b8=Q Bxb8 49. Bxb8 {[%mdl 4096] Endgame KB-KN} Kg7 50. Kg2 {[#]} Ne1+ (50... e4 $1 $17 51. Kf1 Kf6) 51. Kf1 $11 Nf3 52. Kg2 {[#]} e4 $1 53. Kf1 Kf6 54. Ke2 Nd4+ 55. Ke3 Nb5 56. f3 exf3 57. Kxf3 g5 (57... h5 $17) 58. hxg5+ hxg5 59. Ke3 Ke6 60. g4 $1 fxg4 61. Ke4 (61. Kf2 $1 $11 {was the only way to keep the balance.}) 61... Nc3+ (61... Nd6+ $17 62. Ke3 Nc4+ 63. Kf2 Kf5) 62. Kd3 Nd5 63. Ke4 (63. Ke2 $1 $11) 63... Nf6+ ({Black should play} 63... Nb4 $17 64. Bf4 Kf6 65. Be5+ Kg6) 64. Ke3 Kf5 65. Kf2 $1 Nh5 66. Bc7 Nf6 67. Kg2 Ne4 {Threatening ...Kg6.} 68. Bb8 Nf6 69. Bc7 Kg6 70. Bd8 $1 Nd5 {White must now prevent ...Kh5.} (70... Nh7 $5) 71. Kg3 Kh5 72. Ba5 Ne3 73. Be1 Nf5+ 74. Kh2 Kg6 {Hoping for ...Nd6.} (74... g3+ $5 75. Kh3 g4+ 76. Kg2 Kh4 $11) 75. Kg2 Ng7 {...Nf5 is the strong threat.} 76. Bd2 Nh5 77. Ba5 Nf4+ 78. Kg3 Kh5 79. Kh2 Ne2 80. Be1 $1 Kg6 (80... g3+ $5 81. Kh3 g4+ 82. Kg2 Kh4 $11) 81. Kg2 Kf5 82. Kf2 Nd4 (82... Nf4 {looks sharper.} 83. Bd2 Kg6 84. Kg3 Kh5 85. Be3 Ne2+) 83. Kg3 Ne6 {And now ...Nc5 would win.} 84. Bb4 Nf4 85. Bd6 Nh5+ 86. Kg2 Nf6 {next ...Ne4 is good for Black.} 87. Bc7 $1 Ne4 {With the idea ...Kg6.} 88. Bb8 $1 Kg6 89. Bc7 Kh5 {aiming for ...Kg6.} 90. Bg3 Nf6 {Threatens to win with ...Ne4.} 91. Be1 Nd5 {White should prevent ...Nf4+.} 92. Kg3 Ne3 {Strongly threatening ...Nd5.} 93. Bf2 Nf5+ {Precision: White = 68%, Black = 40%.} 1/2-1/2